Word Ladder: Mystery Theme Quiz Stats

 Plays Quiz Updated Apr 20, 2012

Support Sporcle.
Go Orange.
Score 0/44 Timer 03:00
0 Plays Today
Hint Word % Correct
Destroy a dragonSLAY
92.4%
Sculptor's mudCLAY
92.3%
Kiss, U2, or AC/DCBAND
91.4%
RemainSTAY
90%
Beach gritSAND
89.4%
COMPUTER BRANDDELL
89.4%
▼ DONKEY PIN-ON ▼▼ TAIL ▼
89.3%
A ____ OF TWO CITIESTALE
88%
LankyTALL
85.6%
William that has an overtureTELL
83.9%
UtteredSAID
83.8%
Shopping stripMALL
83.3%
▼ CHESS OR CHECKERS ▼▼ GAME ▼
82%
BargainDEAL
81.4%
▼ YELLOW METAL ▼▼ GOLD ▼
79.4%
DomesticatedTAME
78.9%
▼ CUTTER, BRIG, OR SLOOP FEATURE ▼▼ SAIL ▼
78.6%
Henpecked hubby's mantra; 'Yes ____'DEAR
78.3%
Certificate of valueBOND
71.5%
Traffic or ice cream ____CONE
71.2%
BrashBOLD
69.2%
ConverseTALK
68.8%
Hint Word % Correct
Walking aidCANE
68.6%
ScorchSEAR
68.3%
Bull, rooster, or uncleMALE
66.9%
▼ ROCK, PAWN, OR DWARF ____▼ STAR ▼
66.8%
HurricaneGALE
65.6%
GlanceLOOK
63.3%
Security measureLOCK
57.3%
Absence ofLACK
56.6%
Chablis or chiantiWINE
53.3%
Diminish in sizeWANE
51.2%
▼ GRAPPLING IRON ▼▼ HOOK ▼
49.8%
SharpenHONE
49.5%
▼ PANZER OR SHERMAN ▼▼ TANK ▼
49%
Pell's partnerMELL
49%
CastrateGELD
48.9%
The Vulcan Mind ____MELD
47.8%
Gander's commentHONK
44.4%
Limp, like hairLANK
40.3%
Genie's boonWISH
39.9%
SagaciousWISE
38.2%
▼ SUPERCOMPUTER BRAND ▼▼ CRAY ▼
20.1%
▼ COMMON BOND ▼▼ FISH ▼
16.2%

Today's Daily Dose

Word Ladder
Math Aid

Get the Picture
Warrior Women

You're not logged in!

Compare scores with friends on all Sporcle quizzes.
OR
Log In
Forgot?

From the Vault

UK Sorting

by DesertSpartan

History 6m
A bonus UK quiz? This is sort of the opposite of Brexit.
Remove Ads.
Support Sporcle.
Get the best of Sporcle when you Go Orange. This ad-free experience offers more features, more stats, and more fun while also helping to support Sporcle. Thank you for becoming a member.

Show Comments

Extras

Top Quizzes Today


Score Distribution

Your Account Isn't Verified!

In order to create a playlist on Sporcle, you need to verify the email address you used during registration. Go to your Sporcle Settings to finish the process.

Report this User

Report this user for behavior that violates our Community Guidelines.

Details: